Baksa: (Record no. 206319)

MARC details
000 -LEADER
fixed length control field 00563nam a22001937a 4500
005 - DATE AND TIME OF LATEST TRANSACTION
control field 20241011123021.0
010 ## - LCCN (DPL NO)
LC control number ENG-142058
020 ## - INTERNATIONAL STANDARD BOOK NUMBER
International Standard Book Number 9789354910654
Terms of availability 225.00
035 ## - SYSTEM CONTROL NUMBER
System control number EN-125590
037 ## - SOURCE OF ACQUISITION
Source of stock number/acquisition DBAD
082 ## - DEWEY DECIMAL CLASSIFICATION NUMBER
Classification number S
Edition number 1
100 ## - MAIN ENTRY--PERSONAL NAME
Personal name Mashhadi, Zakia
245 ## - TITLE STATEMENT
Title Baksa:
Remainder of title And Other Short Stories/
Statement of responsibility, etc By Zakia Mashhadi
250 ## - EDITION STATEMENT
Edition statement 1
260 ## - PUBLICATION, DISTRIBUTION, ETC. (IMPRINT)
Place of publication, distribution, etc New Delhi
Name of publisher, distributor, etc National Book Trust, India
Date of publication, distribution, etc 2023
270 ## - ADDRESS
Address Nehru Bhawan, 5 Institutional Area, Phase-II Vasant Kunj
City New Delhi
Postal code 110070
300 ## - PHYSICAL DESCRIPTION
Extent 167p.
Dimensions 22cm(pb)
942 ## - ADDED ENTRY ELEMENTS (KOHA)
Source of classification or shelving scheme Dewey Decimal Classification
Item type English Books
Call number suffix MAS
Classification part S
Holdings
Withdrawn status Lost status Not for loan Collection code Home library Current library Date acquired Source of acquisition Cost, normal purchase price Full call number Barcode Cost, replacement price Koha item type
      Fiction Bawana Bawana 11/10/2024 Delivery of Books Act Division 225.00 S MAS EN-125590 225.00 English Books

© Delhi Public Library
Hit Counter
free hit counter